000 00524nam a2200193Ia 4500
003 IN-BaIIA
008 211028s9999 xx 000 0 eng d
020 _a0-396-01919-6
040 _cIIA Library
080 _a520.2
_bWOO
100 _aWoodbury, David O
_92015
245 4 _aThe Glass giant of palomar
_cDavid O. Woodbury
250 _aRev. ed.
260 _aNew York
_bDodd Mead
_c1970
300 _ax, 390p.
650 _aAstronomical telescopes
_92016
650 _aAstronomy and astrophysics thesaurus
942 _cBK
999 _c3857
_d3857